000
00201nam a22000857a 4500
008
161214b xxu||||| |||| 00| 0 eng d
100
_9
2053
_a
Kaur.K.
245
_a
Kids Creative Arts
260
_a
Cordava
_c
2009
999
_c
4923
_d
4923